[Event "African Individual Chess Championship 2015 - Open Section"]
[Site "Cairo"]
[Date "2015.05.03"]
[Round "3"]
[White "Amdouni, Zoubeir"]
[Black "Abu Zied, Ahmed"]
[Result "1/2-1/2"]
[WhiteElo "2338"]
[BlackElo "2187"]
[EventDate "2015.05.02"]
[PlyCount "41"]

1.e4 c5 2.Nf3 g6 3.d4 cxd4 4.Qxd4 Nf6 5.Bb5 a6 6.e5 axb5 7.exf6 e6 8.O-O 
Nc6 9.Qh4 b4 10.Nbd2 Ra5 11.Ne4 Rh5 12.Qf4 d5 13.Ng3 Bd6 14.Qe3 Qxf6 15.
Nxh5 gxh5 16.Qg5 Qg6 17.Re1 Rg8 18.Qxg6 hxg6 19.Bg5 Be7 20.Bxe7 Kxe7 21.a3
1/2-1/2

[Event "African Individual Chess Championship 2015 - Open Section"]
[Site "Cairo"]
[Date "2015.05.03"]
[Round "3"]
[White "Nadir, Samir"]
[Black "El-Gabry, Mohsen"]
[Result "0-1"]
[WhiteElo "2136"]
[BlackElo "2325"]
[EventDate "2015.05.02"]
[PlyCount "80"]

1.Nf3 Nf6 2.c4 g6 3.g3 Bg7 4.Bg2 O-O 5.O-O d5 6.d4 c6 7.cxd5 cxd5 8.Nc3 
Nc6 9.Ne5 e6 10.Nxc6 bxc6 11.Na4 Nd7 12.Be3 e5 13.Rc1 Bb7 14.dxe5 Nxe5 15.
Nc5 Qe7 16.Bd4 Rfe8 17.Nxb7 Qxb7 18.Qa4 Rad8 19.Rfd1 Re6 20.e3 Nd7 21.Bxg7
Kxg7 22.e4 Nf6 23.exd5 cxd5 24.Qd4 Qb6 25.Qxb6 Rxb6 26.b3 Re6 27.Rc7 a6 
28.Bf1 g5 29.Rd4 Rdd6 30.h3 Re1 31.Kg2 Ne4 32.Rc2 h5 33.Re2 Rxe2 34.Bxe2 
Kf6 35.Bxh5 Ke5 36.Rd3 f5 37.Be2 d4 38.f3 Nc5 39.Rd2 a5 40.Bc4 d3 0-1

[Event "African Individual Chess Championship 2015 - Open Section"]
[Site "Cairo"]
[Date "2015.05.03"]
[Round "3"]
[White "Mahgub, Mohamed Mustafa"]
[Black "Oatlhotse, Providence"]
[Result "0-1"]
[WhiteElo "1985"]
[BlackElo "2271"]
[EventDate "2015.05.02"]
[PlyCount "50"]

1.d4 Nf6 2.Nf3 e6 3.c4 b6 4.Nc3 Bb7 5.e3 Bb4 6.Bd2 O-O 7.Be2 d6 8.a3 Bxc3 
9.Bxc3 Ne4 10.Qc2 Nd7 11.Bd3 f5 12.Rc1 Ndf6 13.Qe2 Qe8 14.b3 Qg6 15.O-O 
Nxc3 16.Rxc3 Ne4 17.Rc2 Rf6 18.d5 Nc5 19.b4 Nxd3 20.Qxd3 e5 21.Qb3 f4 22.
exf4 Rxf4 23.Rc3 Raf8 24.g3 Bc8 25.Kh1 Rxf3 0-1

[Event "African Individual Chess Championship 2015 - Open Section"]
[Site "Cairo"]
[Date "2015.05.03"]
[Round "3"]
[White "Adam, Jamal"]
[Black "Al-Mahjoub, Mokhtar"]
[Result "0-1"]
[WhiteElo "2092"]
[BlackElo "2110"]
[EventDate "2015.05.02"]
[PlyCount "59"]

1.e4 c5 2.d4 cxd4 3.c3 dxc3 4.Nxc3 Nc6 5.Nf3 d6 6.Bc4 e6 7.O-O a6 8.Qe2 
Qc7 9.Bf4 Nf6 10.Rac1 Be7 11.Nd5 Qd8 12.Nxe7 Qxe7 13.h3 e5 14.Bg5 h6 15.
Bxf6 Qxf6 16.Bd5 Bd7 17.Rc3 O-O 18.Nh2 Nd4 19.Qd1 Bc6 20.Bxc6 bxc6 21.Ng4 
Qh4 22.f4 Rae8 23.fxe5 dxe5 24.Kh2 Re6 25.Rg3 Rg6 26.Qd3 Re8 27.Qc4 Ree6 
28.Ra3 Rxg4 29.g3 Qh5 30.Re3 0-1

[Event "African Individual Chess Championship 2015 - Open Section"]
[Site "Cairo"]
[Date "2015.05.03"]
[Round "3"]
[White "El-Kholti, Ahraf"]
[Black "Dzilani, Abel"]
[Result "1-0"]
[WhiteElo "2268"]
[BlackElo "2049"]
[EventDate "2015.05.02"]
[PlyCount "63"]

1.e4 d5 2.exd5 Nf6 3.d4 Nxd5 4.Nf3 Bg4 5.Be2 e6 6.O-O Be7 7.h3 Bh5 8.c4 
Nf6 9.Be3 O-O 10.Nc3 Nc6 11.Qd2 Bb4 12.a3 Ne4 13.Qc2 Bxc3 14.bxc3 Nd6 15.
c5 Bg6 16.Bd3 Nf5 17.Rad1 Nh4 18.Nxh4 Bxd3 19.Qxd3 Qxh4 20.c4 Rad8 21.d5 
Na5 22.Qc3 b6 23.Bd4 Qg5 24.Rd3 f6 25.dxe6 Rde8 26.Re1 Nc6 27.cxb6 axb6 
28.c5 b5 29.Qb3 Ne7 30.Qxb5 c6 31.Qb7 Qd5 32.Rdd1 1-0

[Event "African Individual Chess Championship 2015 - Open Section"]
[Site "Cairo"]
[Date "2015.05.03"]
[Round "3"]
[White "Ruzigura, Alexis"]
[Black "Buti, Raphael"]
[Result "1/2-1/2"]
[WhiteElo "1754"]
[BlackElo "2196"]
[EventDate "2015.05.02"]
[PlyCount "53"]

1.d4 Nf6 2.Nc3 d5 3.g3 g6 4.Bg2 Bg7 5.Bg5 c6 6.Bxf6 Bxf6 7.e3 Na6 8.Nge2 
O-O 9.O-O e5 10.dxe5 Bxe5 11.a3 Nc7 12.Qd2 Qe7 13.Rab1 Bg7 14.Rfe1 Rd8 15.
b4 a5 16.Nd4 axb4 17.axb4 Ra3 18.Nce2 Ne6 19.c3 Ng5 20.Qb2 Ra8 21.Nf3 Bf5 
22.Rbc1 Ne4 23.Ned4 Bd7 24.Nd2 Ng5 25.N2b3 Bh3 26.Re2 Bxg2 27.Kxg2 1/2-1/2

[Event "African Individual Chess Championship 2015 - Open Section"]
[Site "Cairo"]
[Date "2015.05.03"]
[Round "3"]
[White "Ghattour, Mosab"]
[Black "El-Mejbri, Ali Abdoullah"]
[Result "1-0"]
[WhiteElo "2138"]
[BlackElo "1841"]
[EventDate "2015.05.02"]
[PlyCount "77"]

1.e4 d5 2.exd5 Qxd5 3.Nc3 Qd8 4.a3 Nf6 5.Nf3 Bf5 6.d4 e6 7.h3 c6 8.Bc4 Be7
9.O-O h6 10.Qe2 O-O 11.Rd1 Nbd7 12.Ba2 Nb6 13.Nb1 Qc7 14.c4 Rad8 15.Nc3 
Rfe8 16.b4 Bf8 17.Ne5 Nbd7 18.Bf4 Bd6 19.Rac1 g5 20.Bg3 Kg7 21.Re1 Ng8 22.
Ne4 Bxe5 23.dxe5 Bxe4 24.Qxe4 Nf8 25.h4 gxh4 26.Bxh4 Rd2 27.Bb1 Ng6 28.Qg4
c5 29.Rc3 Rd4 30.Bf6+ Nxf6 31.exf6+ Kxf6 32.Be4 Qe5 33.Rf3+ Kg7 34.Rxf7+ 
Kxf7 35.Bxg6+ Ke7 36.Qh4+ Kd7 37.Bxe8+ Kxe8 38.Qxh6 Qxe1+ 39.Kh2 1-0

[Event "African Individual Chess Championship 2015 - Open Section"]
[Site "Cairo"]
[Date "2015.05.04"]
[Round "4"]
[White "Amin, Bassem"]
[Black "Adly, Ahmed"]
[Result "1/2-1/2"]
[WhiteElo "2633"]
[BlackElo "2593"]
[EventDate "2015.05.02"]
[PlyCount "60"]

1.e4 c5 2.Nf3 d6 3.g3 Nc6 4.Bg2 Nf6 5.d3 g6 6.O-O Bg7 7.Re1 O-O 8.Nbd2 d5 
9.exd5 Nxd5 10.a3 b6 11.Rb1 Bb7 12.Ne4 Qd7 13.h4 f5 14.Ned2 Rae8 15.c4 Nf6
16.b4 cxb4 17.axb4 Qxd3 18.b5 Na5 19.Ne5 Qd6 20.Bxb7 Nxb7 21.Qf3 Nc5 22.
Nb3 Nfe4 23.Nxc5 Nxc5 24.Bf4 Ne4 25.Rbd1 Qb4 26.Rb1 Qd6 27.Rbd1 Qe6 28.Nd7
Rf7 29.c5 Qc4 30.cxb6 axb6 1/2-1/2

[Event "African Individual Chess Championship 2015 - Open Section"]
[Site "Cairo"]
[Date "2015.05.04"]
[Round "4"]
[White "Ezat, Mohamed"]
[Black "Shoker, Samy"]
[Result "1-0"]
[WhiteElo "2474"]
[BlackElo "2484"]
[EventDate "2015.05.02"]
[PlyCount "79"]

1.d4 Nf6 2.c4 c5 3.e3 g6 4.Nc3 Bg7 5.Nf3 O-O 6.Be2 d6 7.O-O Bf5 8.Bd2 Nc6 
9.d5 Na5 10.a3 Rc8 11.Rc1 b6 12.Ng5 h6 13.e4 Bd7 14.Nf3 e6 15.dxe6 Bxe6 
16.b3 Re8 17.h3 g5 18.Qc2 Nc6 19.Rcd1 a6 20.Be3 g4 21.hxg4 Bxg4 22.Qd3 Re6
23.Rfe1 Bh5 24.Bf4 Bg6 25.Bf1 Qe8 26.Nh4 Nxe4 27.Nxe4 Bxe4 28.Qg3 Nd4 29.
Rxd4 cxd4 30.Rxe4 Kh8 31.Nf5 Qf8 32.Bxd6 Rxd6 33.Qxd6 Rd8 34.Qxf8+ Bxf8 
35.Rxd4 Re8 36.Rd1 a5 37.a4 Bc5 38.Nxh6 Kg7 39.Nf5+ Kf6 40.Ng3 1-0

[Event "African Individual Chess Championship 2015 - Open Section"]
[Site "Cairo"]
[Date "2015.05.04"]
[Round "4"]
[White "Arab, Adlane"]
[Black "Farahat, Ali"]
[Result "1/2-1/2"]
[WhiteElo "2439"]
[BlackElo "2390"]
[EventDate "2015.05.02"]
[PlyCount "115"]

1.d4 Nf6 2.c4 e6 3.Nf3 Bb4+ 4.Bd2 Bxd2+ 5.Qxd2 O-O 6.g3 d6 7.Bg2 Nc6 8.Nc3
e5 9.d5 Ne7 10.e4 Bg4 11.Ng1 c6 12.h3 Bd7 13.dxc6 Nxc6 14.Nge2 Be6 15.Nd5 
Bxd5 16.exd5 Ne7 17.O-O a5 18.Nc3 Nd7 19.Ne4 Qc7 20.Rac1 Nc5 21.Nxc5 Qxc5 
22.Qe3 Rfc8 23.b3 Nf5 24.Qxc5 Rxc5 25.Rfe1 Nd4 26.Re3 Rac8 27.a4 g6 28.Rb1
R5c7 29.Rc1 Kg7 30.Bf1 h5 31.h4 b6 32.Be2 Rc5 33.Rf1 Nc2 34.Rc3 Nb4 35.Re3
f5 36.Bd1 R5c7 37.Rfe1 Re7 38.R1e2 Rce8 39.Bc2 Kf6 40.Bb1 Ra8 41.Re1 Rg8 
42.f4 Rge8 43.Kf1 Na6 44.Bc2 Nc5 45.R3e2 Kf7 46.Re3 Nd7 47.R3e2 Nf6 48.Bd3
Ng4 49.Kg1 Kf6 50.Kf1 Kf7 51.Kg1 Nf6 52.Kf1 Nd7 53.Bc2 Nc5 54.Kf2 Kf6 55.
Kf1 Rb8 56.Kf2 Rd8 57.Kf1 Rde8 58.Re3 1/2-1/2

[Event "African Individual Chess Championship 2015 - Open Section"]
[Site "Cairo"]
[Date "2015.05.04"]
[Round "4"]
[White "Haddouche, Mohamed"]
[Black "Kigigha, Bomo"]
[Result "1/2-1/2"]
[WhiteElo "2492"]
[BlackElo "2301"]
[EventDate "2015.05.02"]
[PlyCount "94"]

1.e4 c5 2.Nf3 Nc6 3.Bb5 g6 4.O-O Bg7 5.Nc3 Nd4 6.Ba4 Ne6 7.d3 Nf6 8.Ng5 
O-O 9.Nxe6 dxe6 10.Bb3 b6 11.f4 Bb7 12.Be3 Qd7 13.Qf3 a6 14.a4 Qc6 15.Bc4 
Ne8 16.Qg3 Nd6 17.Ba2 Kh8 18.Qh4 Nf5 19.Qh3 Nxe3 20.Rfc1 h5 21.Ne2 Ng4 22.
c3 b5 23.Ng3 c4 24.d4 e5 25.fxe5 Bxe5 26.Rf1 Bxg3 27.Qxg3 Qxe4 28.Rae1 Qc6
29.h3 Nh6 30.Bb1 Rg8 31.Be4 Qd7 32.Qg5 Kh7 33.Bxb7 Qxb7 34.Rxe7 Qb6 35.Rf6
Qd8 36.Qe5 Rg7 37.d5 Qf8 38.Rc7 Re8 39.Qf4 Re1+ 40.Kh2 Rd1 41.Qe5 h4 42.d6
Nf5 43.Rxf5 gxf5 44.Qxf5+ Kh6 45.Qf4+ Kh7 46.Qf5+ Kh6 47.Qf4+ Kh7 1/2-1/2

[Event "African Individual Chess Championship 2015 - Open Section"]
[Site "Cairo"]
[Date "2015.05.06"]
[Round "5"]
[White "Arab, Adlane"]
[Black "Amin, Bassem"]
[Result "1/2-1/2"]
[WhiteElo "2439"]
[BlackElo "2633"]
[EventDate "2015.05.02"]
[PlyCount "96"]

1.d4 Nf6 2.c4 g6 3.Nc3 Bg7 4.e4 d6 5.Nf3 O-O 6.Be2 e5 7.d5 Nbd7 8.Bg5 h6 
9.Bh4 a5 10.Nd2 Nc5 11.O-O Qe8 12.Qc2 Nh7 13.Nb5 Na6 14.a3 h5 15.f3 Bh6 
16.Rab1 f5 17.exf5 Bxf5 18.Bd3 Bxd3 19.Qxd3 Bxd2 20.Qxd2 Rf4 21.Bf2 Rxc4 
22.b3 Rf4 23.Nc3 Nb8 24.Rbc1 Rf7 25.Rc2 Nd7 26.Qd3 e4 27.Nxe4 Ne5 28.Qe2 
g5 29.Bd4 Ng6 30.g3 Re7 31.Qd2 Qf7 32.Bb2 Qf5 33.Qd4 Rf8 34.Re2 Ne5 35.f4 
gxf4 36.gxf4 Rg7+ 37.Rg2 Rxg2+ 38.Kxg2 h4 39.Nd2 Qd3 40.h3 Qg3+ 41.Kh1 
Qxh3+ 42.Kg1 Ng5 43.Rf2 Qg3+ 44.Kh1 Qh3+ 45.Kg1 Qg3+ 46.Kh1 Qh3+ 47.Kg1 
Qg4+ 48.Kh1 Qh3+ 1/2-1/2

[Event "African Individual Chess Championship 2015 - Open Section"]
[Site "Cairo"]
[Date "2015.05.06"]
[Round "5"]
[White "Adly, Ahmed"]
[Black "Hesham, Abdelrahman"]
[Result "1-0"]
[WhiteElo "2593"]
[BlackElo "2389"]
[EventDate "2015.05.02"]
[PlyCount "93"]

1.Nf3 Nf6 2.c4 g6 3.g3 Bg7 4.Bg2 O-O 5.O-O c6 6.d4 d5 7.cxd5 cxd5 8.Nc3 
Ne4 9.Nd2 Nxc3 10.bxc3 Nc6 11.e4 Be6 12.Re1 Rc8 13.Ba3 dxe4 14.Nxe4 Qa5 
15.Bc1 Bd5 16.Bd2 Qd8 17.h4 Na5 18.h5 b6 19.hxg6 hxg6 20.Qe2 Qd7 21.Ng5 
Bxg2 22.Kxg2 Nc4 23.Bf4 Rfe8 24.Rad1 Qd5+ 25.Kg1 Qf5 26.Bc1 Nd6 27.Rd3 Bf6
28.g4 Qd5 29.f4 Kg7 30.Nf3 Rh8 31.g5 Rh3 32.Kf2 Rch8 33.Rg1 Rh2+ 34.Rg2 
Rh1 35.Ng1 Ne4+ 36.Kf1 Kg8 37.gxf6 exf6 38.Re3 f5 39.c4 Qd6 40.Rxe4 fxe4 
41.Qxe4 R8h3 42.f5 Rh4 43.Qe8+ Kg7 44.fxg6 Qf6+ 45.Ke1 R4h2 46.gxf7+ Rxg2 
47.Qg8# 1-0

[Event "African Individual Chess Championship 2015 - Open Section"]
[Site "Cairo"]
[Date "2015.05.06"]
[Round "5"]
[White "El-Gabry, Mohsen"]
[Black "Ezat, Mohamed"]
[Result "1/2-1/2"]
[WhiteElo "2325"]
[BlackElo "2474"]
[EventDate "2015.05.02"]
[PlyCount "183"]

1.b3 e5 2.Bb2 Nc6 3.e3 Nf6 4.Bb5 Bd6 5.Na3 a6 6.Bxc6 dxc6 7.Nc4 Qe7 8.
Nxd6+ cxd6 9.d4 O-O 10.Ne2 Bg4 11.f3 Bh5 12.Ng3 e4 13.Nxh5 Nxh5 14.O-O 
exf3 15.Rxf3 d5 16.a4 Qg5 17.Qd3 Rad8 18.Raf1 Qe7 19.b4 b5 20.Bc3 Nf6 21.
Rxf6 gxf6 22.Rf4 bxa4 23.Bd2 f5 24.Qa3 a5 25.Qxa4 axb4 26.Qxb4 Qxb4 27.
Bxb4 Rfe8 28.Kf2 Rb8 29.c3 Ra8 30.Rxf5 Ra2+ 31.Kf3 Re6 32.h4 Rd2 33.c4 Rd3
34.cxd5 Rdxe3+ 35.Kf2 Re2+ 36.Kf1 cxd5 37.Rg5+ Kh8 38.Bf8 R2e4 39.h5 h6 
40.Rxd5 Rf4+ 41.Kg1 Rg4 42.Rd7 Kg8 43.Rd8 Re2 44.Bxh6+ Kh7 45.Kf1 Rgxg2 
46.Be3 Ra2 47.Rd7 Rh2 48.Rxf7+ Kg8 49.Rf2 Ra1+ 50.Ke2 Rxh5 51.Kd3 Rh3 52.
Ke4 Re1 53.Rf3 Rxf3 54.Kxf3 Kf7 55.d5 Kf6 56.Ke4 Rb1 57.Bd4+ Ke7 58.Bc5+ 
Kd7 59.Kd4 Rh1 60.Ke4 Kc7 61.Ke5 Re1+ 62.Kd4 Kb7 63.Kc4 Ka6 64.Bb4 Rc1+ 
65.Bc3 Kb6 66.Kb4 Rc2 67.Kb3 Re2 68.Kc4 Re4+ 69.Bd4+ Kc7 70.Kc5 Re1 71.Bf2
Rc1+ 72.Kd4 Rc2 73.Be3 Kd7 74.Bf4 Kc8 75.Be5 Kb7 76.Bf6 Rc1 77.Be7 Re1 78.
Bb4 Re2 79.Kc4 Kb6 80.Bc5+ Ka6 81.Bd4 Rc2+ 82.Bc3 Kb6 83.Kd3 Rc1 84.Kc4 
Rh1 85.Bd4+ Ka6 86.Be3 Rh8 87.Bd4 Rc8+ 88.Bc5 Ka5 89.d6 Ka6 90.Kd5 Kb5 91.
d7 Rd8 92.Ke4 1/2-1/2

[Event "African Individual Chess Championship 2015 - Open Section"]
[Site "Cairo"]
[Date "2015.05.06"]
[Round "5"]
[White "Farahat, Ali"]
[Black "Haddouche, Mohamed"]
[Result "0-1"]
[WhiteElo "2390"]
[BlackElo "2492"]
[EventDate "2015.05.02"]
[PlyCount "60"]

1.e4 e5 2.Nf3 Nc6 3.Bb5 a6 4.Ba4 Nge7 5.O-O g6 6.c3 Bg7 7.d4 exd4 8.cxd4 
b5 9.Bb3 O-O 10.a4 Bb7 11.Nc3 Na5 12.axb5 axb5 13.Bc2 b4 14.Ne2 d6 15.b3 
c5 16.Bf4 d5 17.exd5 Bxd5 18.Ne5 Nec6 19.Nxc6 Bxc6 20.Rc1 cxd4 21.Qd2 Re8 
22.Rfd1 Qd5 23.f3 d3 24.Bxd3 Nxb3 25.Qxb4 Nxc1 26.Bxc1 Ra1 27.h3 Ba4 28.
Bc2 Qxd1+ 29.Bxd1 Bxd1 30.Qb5 Rea8 0-1

[Event "African Individual Chess Championship 2015 - Open Section"]
[Site "Cairo"]
[Date "2015.05.06"]
[Round "5"]
[White "Kigigha, Bomo"]
[Black "Shoker, Samy"]
[Result "1/2-1/2"]
[WhiteElo "2301"]
[BlackElo "2484"]
[EventDate "2015.05.02"]
[PlyCount "146"]

1.c4 g6 2.Nc3 Bg7 3.g3 Nf6 4.Bg2 O-O 5.Nf3 c6 6.O-O d6 7.d3 a6 8.Rb1 b5 9.
Ng5 h6 10.Nge4 Nfd7 11.Qc2 b4 12.Na4 Ra7 13.Be3 c5 14.Nd2 Bb7 15.Bxb7 Rxb7
16.Nf3 e5 17.Ne1 Nc6 18.Ng2 f5 19.Bc1 g5 20.e3 f4 21.f3 fxg3 22.hxg3 Nf6 
23.b3 Rbf7 24.Ne1 h5 25.Qg2 Nh7 26.Rb2 h4 27.Rbf2 Ne7 28.g4 Qc8 29.Nc2 Nf6
30.e4 Ng6 31.Bxg5 Nf4 32.Bxf4 exf4 33.Qh2 Nd7 34.Rg2 Ne5 35.Ne1 Qd8 36.g5 
Ng6 37.Qh3 Bd4+ 38.Kh1 Kg7 39.Nb2 Rh8 40.Nd1 Qa5 41.Nf2 Rh5 42.Qg4 Rh7 43.
Qh3 Qxa2 44.Ng4 Qxb3 45.Nh6 Qa4 46.Qe6 Qd7 47.Nf5+ Kf8 48.Qxg6 Rfg7 49.
Qxd6+ Qxd6 50.Nxd6 b3 51.g6 Rh5 52.Nf5 h3 53.Rd2 Rb7 54.Nc2 bxc2 55.Rxc2 
Rg5 56.Nxd4 cxd4 57.Rg1 Rg3 58.Kh2 Rxf3 59.c5 Kg7 60.c6 Rc7 61.Rb1 Rxd3 
62.Rb4 Kxg6 63.Rb7 Rc8 64.c7 Rc3 65.Rb6+ Kg5 66.Rxc3 dxc3 67.Rc6 Kg4 68.e5
f3 69.Rc4+ Kf5 70.Kxh3 Kxe5 71.Kg3 Kd6 72.Rxc3 Rxc7 73.Rxc7 Kxc7 1/2-1/2

[Event "African Individual Chess Championship 2015 - Open Section"]
[Site "Cairo"]
[Date "2015.05.06"]
[Round "5"]
[White "Amdouni, Zoubeir"]
[Black "Abdelnabbi, Imed"]
[Result "0-1"]
[WhiteElo "2338"]
[BlackElo "2421"]
[EventDate "2015.05.02"]
[PlyCount "76"]

1.e4 e5 2.Nf3 Nc6 3.Bb5 a6 4.Ba4 d6 5.O-O Bd7 6.c3 Nge7 7.d4 Ng6 8.h3 Be7 
9.Be3 h6 10.c4 Bg5 11.Nc3 exd4 12.Bxd4 Nxd4 13.Bxd7+ Qxd7 14.Qxd4 Bf6 15.
Qd2 O-O 16.Nd5 Bd8 17.Rfe1 Re8 18.e5 c6 19.Nc3 Bc7 20.Rad1 Re6 21.Re3 Rd8 
22.Qc2 Qe7 23.exd6 Rdxd6 24.Rxe6 Rxe6 25.g3 Ba5 26.Kg2 Bb6 27.Nd4 Nh4+ 28.
gxh4 Rg6+ 29.Kf3 Qxh4 30.Ne4 Bxd4 31.Rxd4 f5 32.Ke2 Re6 33.c5 Kh7 34.Kf3 
fxe4+ 35.Rxe4 Qxh3+ 36.Ke2 Qf5 37.f3 Rg6 38.Ke3 Rg3 0-1

[Event "African Individual Chess Championship 2015 - Open Section"]
[Site "Cairo"]
[Date "2015.05.06"]
[Round "5"]
[White "Abdel Razik, Khaled"]
[Black "Adu, Oladapo"]
[Result "1-0"]
[WhiteElo "2430"]
[BlackElo "2238"]
[EventDate "2015.05.02"]
[PlyCount "141"]

1.d4 d5 2.Nf3 Nf6 3.c4 c6 4.Qb3 e6 5.Nc3 Be7 6.Bf4 O-O 7.e3 Nbd7 8.h3 a6 
9.Rd1 Qa5 10.Be2 b5 11.c5 Ne4 12.O-O f5 13.a4 Qd8 14.Nxe4 fxe4 15.Nd2 Kh8 
16.f3 e5 17.Bg3 exf3 18.Nxf3 e4 19.Nd2 Nf6 20.Ra1 Be6 21.Qc3 Qd7 22.axb5 
axb5 23.Kh2 h6 24.Nb3 Rfc8 25.Be5 Nh7 26.Rxa8 Rxa8 27.Ra1 Rf8 28.Qe1 Qb7 
29.Qg3 Bg5 30.Na5 Qd7 31.b4 Bf6 32.Rf1 Rf7 33.Bd6 Ng5 34.h4 Nh7 35.Bh5 
Bxh4 36.Qxh4 Rxf1 37.Be2 Rb1 38.Be5 Kg8 39.Qh5 Rxb4 40.Qg6 Nf8 41.Qg3 g5 
42.Bd6 Ra4 43.Bxf8 Kxf8 44.Qb8+ Kg7 45.Nxc6 Qxc6 46.Bxb5 Qa8 47.Qe5+ Kf7 
48.Qc7+ Kg8 49.Qd6 Kf7 50.Qc7+ Kg8 51.Qd6 Ra7 52.Qxe6+ Kh8 53.Bd7 Qb8+ 54.
Kh3 g4+ 55.Kxg4 Qf8 56.Qe5+ Qg7+ 57.Qxg7+ Kxg7 58.Be6 Kf6 59.Bxd5 Rg7+ 60.
Kf4 Rxg2 61.Bxe4 Rf2+ 62.Bf3 Rc2 63.e4 Rc4 64.e5+ Ke6 65.Ke4 Rc1 66.d5+ 
Ke7 67.d6+ Kd7 68.Kd5 h5 69.Bxh5 Rc2 70.c6+ Kd8 71.e6 1-0

[Event "African Individual Chess Championship 2015 - Open Section"]
[Site "Cairo"]
[Date "2015.05.06"]
[Round "5"]
[White "Ameir, Moheb"]
[Black "Belouadah, Saad"]
[Result "1/2-1/2"]
[WhiteElo "2290"]
[BlackElo "2351"]
[EventDate "2015.05.02"]
[PlyCount "139"]

1.e4 d6 2.d4 Nf6 3.Nc3 e5 4.dxe5 dxe5 5.Qxd8+ Kxd8 6.Bg5 Be7 7.Bc4 Rf8 8.
O-O-O+ Nbd7 9.Nge2 h6 10.Bh4 Bd6 11.f3 a6 12.a4 g5 13.Bf2 Ke7 14.h4 Bc5 
15.Bxc5+ Nxc5 16.hxg5 hxg5 17.Nd5+ Nxd5 18.Rxd5 Nxa4 19.Rxe5+ Kf6 20.Ra5 
Nb6 21.Bb3 Bd7 22.Rc5 c6 23.Rh6+ Kg7 24.Rd6 f6 25.g4 Rad8 26.Rc3 Bc8 27.
Rcd3 Rxd6 28.Rxd6 Nd7 29.Be6 Ne5 30.Nd4 Kg6 31.Nf5 Bxe6 32.Rxe6 Nxf3 33.
Nd6 Rh8 34.b4 Rh1+ 35.Kb2 Ne5 36.Nxb7 Rg1 37.Na5 Rxg4 38.Nxc6 Nxc6 39.Rxc6
Rxe4 40.c4 Kf5 41.Kc3 Re6 42.Rc8 g4 43.c5 g3 44.Rg8 Kf4 45.Rg6 Re3+ 46.Kd4
Re4+ 47.Kd5 f5 48.c6 Kf3 49.Rg8 Rg4 50.Rxg4 fxg4 51.c7 g2 52.c8=Q g1=Q 53.
Qf5+ Ke3 54.Qe6+ Kf4 55.Qf6+ Kg3 56.Qe5+ Kg2 57.Qe4+ Kh2 58.Qh7+ Kg3 59.
Qd3+ Kf4 60.Qe4+ Kg5 61.Qe7+ Kf4 62.Qe4+ Kg3 63.Qd3+ Kg2 64.Qe4+ Kg3 65.
Qd3+ Kg2 66.Qe4+ Kg3 67.Qd3+ Kf4 68.Qe4+ Kg5 69.Qe7+ Kf4 70.Qe4+ 1/2-1/2

[Event "African Individual Chess Championship 2015 - Open Section"]
[Site "Cairo"]
[Date "2015.05.06"]
[Round "5"]
[White "Choukri, Adel"]
[Black "Nafiri, Khalil"]
[Result "1/2-1/2"]
[WhiteElo "2231"]
[BlackElo "2230"]
[EventDate "2015.05.02"]
[PlyCount "62"]

1.e4 e5 2.Nf3 Nf6 3.Nxe5 d6 4.Nf3 Nxe4 5.d4 d5 6.Bd3 Bd6 7.O-O O-O 8.c4 c6
9.Nc3 Nxc3 10.bxc3 dxc4 11.Bxc4 h6 12.Re1 Bf5 13.Bd2 Nd7 14.Qe2 Nf6 15.Bb3
Re8 16.Qf1 Qd7 17.h3 Rxe1 18.Rxe1 Re8 19.Rxe8+ Qxe8 20.Qe1 Qxe1+ 21.Bxe1 
Kf8 22.Nd2 Ke7 23.f3 Be6 24.Ne4 Bxb3 25.axb3 Nxe4 26.fxe4 Ke6 27.Kf2 f5 
28.exf5+ Kxf5 29.Kf3 b5 30.g4+ Ke6 31.c4 g6 1/2-1/2

[Event "African Individual Chess Championship 2015 - Open Section"]
[Site "Cairo"]
[Date "2015.05.06"]
[Round "5"]
[White "Abu Zied, Ahmed"]
[Black "Oatlhotse, Providence"]
[Result "1-0"]
[WhiteElo "2187"]
[BlackElo "2271"]
[EventDate "2015.05.02"]
[PlyCount "135"]

1.e4 c5 2.Nf3 d6 3.d4 cxd4 4.Nxd4 Nf6 5.Nc3 a6 6.Bg5 e6 7.f4 h6 8.Bh4 Be7 
9.Qf3 Nbd7 10.O-O-O Qc7 11.Be2 b5 12.Bxf6 gxf6 13.Qh5 Nc5 14.a3 Na4 15.Rd3
Qc5 16.Nxa4 Qxh5 17.Bxh5 bxa4 18.f5 Kf8 19.Bg4 Rg8 20.Bh3 e5 21.Ne2 Bb7 
22.Nc3 Rc8 23.Re1 Rc4 24.g3 Kg7 25.Nd5 Bd8 26.Bg2 Ba5 27.Ree3 Rgc8 28.c3 
R8c5 29.Kb1 Bxd5 30.exd5 Bb6 31.Re1 h5 32.Be4 Kh6 33.h4 Ra5 34.Re2 Rc8 35.
Kc2 Bc5 36.Bf3 Rg8 37.Rg2 Rb5 38.Rdd2 Rbb8 39.Rde2 Rg7 40.Re4 Rbg8 41.g4 
hxg4 42.Rgxg4 Rxg4 43.Bxg4 Be3 44.Rxa4 Bf4 45.Bf3 Rg3 46.Be4 Re3 47.Bd3 a5
48.Re4 Kh5 49.b4 Kxh4 50.Rxe3 Bxe3 51.Kb3 Kg4 52.Ka4 axb4 53.axb4 Kf4 54.
Kb5 e4 55.Bc2 Kxf5 56.Kc6 Ke5 57.c4 Bd2 58.b5 Bb4 59.b6 Bc5 60.b7 Ba7 61.
Bxe4 Kxe4 62.c5 Bxc5 63.b8=Q f5 64.Qe8+ Kf3 65.Qxf7 f4 66.Kb5 Kf2 67.Kc4 
f3 68.Kd3 1-0

[Event "African Individual Chess Championship 2015 - Open Section"]
[Site "Cairo"]
[Date "2015.05.06"]
[Round "5"]
[White "Buti, Raphael"]
[Black "Al-Mahjoub, Mokhtar"]
[Result "1-0"]
[WhiteElo "2196"]
[BlackElo "2110"]
[EventDate "2015.05.02"]
[PlyCount "58"]

1.c4 Nf6 2.g3 c6 3.Bg2 d5 4.d4 e6 5.Nf3 Bb4+ 6.Bd2 Bxd2+ 7.Nbxd2 O-O 8.Qc2
Nbd7 9.O-O Re8 10.e4 dxe4 11.Nxe4 Nxe4 12.Qxe4 Nf6 13.Qe3 Qb6 14.b3 Bd7 
15.a4 a5 16.Rfe1 Rad8 17.Rad1 h6 18.Ne5 Bc8 19.h4 Nd7 20.c5 Qc7 21.Nc4 b5 
22.axb5 cxb5 23.Nd6 b4 24.Nxe8 Rxe8 25.c6 Nf6 26.Qe5 Qb6 27.d5 Ng4 28.Qd4 
Qxd4 29.Rxd4 e5 1-0

[Event "African Individual Chess Championship 2015 - Open Section"]
[Site "Cairo"]
[Date "2015.05.06"]
[Round "5"]
[White "El-Kholti, Ahraf"]
[Black "Adam, Jamal"]
[Result "0-1"]
[WhiteElo "2268"]
[BlackElo "2092"]
[EventDate "2015.05.02"]
[PlyCount "55"]

1.e4 Nf6 2.e5 Nd5 3.c4 Nb6 4.c5 Nd5 5.Nc3 e6 6.d4 b6 7.Nxd5 exd5 8.Be3 
bxc5 9.dxc5 c6 10.Qd2 a5 11.Nf3 a4 12.a3 Qa5 13.Qb4 Qa7 14.Rc1 Qa5 15.Rc3 
Be7 16.Qg4 g6 17.Qf4 h6 18.Qd4 Rh7 19.Bd3 Ba6 20.Bc2 Qb5 21.Kd2 Bc8 22.Rc1
Na6 23.Bd3 Qa5 24.Nh4 Bxh4 25.Qxh4 Qd8 26.Qg3 Qe7 27.f4 Rh8 28.Bd4 0-1

[Event "African Individual Chess Championship 2015 - Open Section"]
[Site "Cairo"]
[Date "2015.05.06"]
[Round "5"]
[White "Ghattour, Mosab"]
[Black "Dzilani, Abel"]
[Result "1-0"]
[WhiteElo "2138"]
[BlackElo "2049"]
[EventDate "2015.05.02"]
[PlyCount "85"]

1.e4 e5 2.Nf3 Nc6 3.Bc4 Bc5 4.c3 d6 5.d4 exd4 6.cxd4 Bb4+ 7.Bd2 Bxd2+ 8.
Nbxd2 Nge7 9.O-O O-O 10.Bd3 Ng6 11.Re1 Qf6 12.Qa4 Nf4 13.Bf1 Qg6 14.Kh1 
Bd7 15.Qc4 Rac8 16.Qc3 Rfe8 17.Rad1 Bg4 18.Qe3 Nd5 19.Qb3 Nf6 20.Qxb7 Nd8 
21.Qxa7 Ne6 22.e5 Bxf3 23.Nxf3 Ng4 24.Kg1 d5 25.Qa5 c5 26.h3 Nh6 27.Bd3 
Qh5 28.dxc5 Nf4 29.Qc3 Re6 30.Bb1 Rcc6 31.Rd4 g5 32.b4 Kg7 33.b5 Rc8 34.c6
Nxh3+ 35.gxh3 Qxh3 36.Qd3 Rg6 37.Nh2 Qe6 38.Rxd5 Qe7 39.Rd7 Qb4 40.Qd2 Qh4
41.Bxg6 hxg6 42.e6 Rh8 43.Qd4+ 1-0

[Event "African Individual Chess Championship 2015 - Open Section"]
[Site "Cairo"]
[Date "2015.05.06"]
[Round "5"]
[White "Nadir, Samir"]
[Black "Ruzigura, Alexis"]
[Result "1-0"]
[WhiteElo "2136"]
[BlackElo "1754"]
[EventDate "2015.05.02"]
[PlyCount "99"]

1.d4 d5 2.Nf3 Nf6 3.Bf4 e6 4.e3 Bd6 5.c3 Bxf4 6.exf4 c6 7.Bd3 Nbd7 8.Nbd2 
c5 9.O-O O-O 10.Re1 g6 11.Rc1 c4 12.Bb1 b5 13.Ne5 Nh5 14.Qf3 Qf6 15.g3 Nb6
16.Nf1 Bb7 17.Ne3 Qg7 18.g4 Nf6 19.g5 Nfd7 20.N3g4 Nxe5 21.fxe5 Rfd8 22.
Nf6+ Kf8 23.Qf4 Nd7 24.Re3 Ke7 25.Rh3 Rh8 26.Rh6 Bc6 27.Re1 a6 28.Re3 Nf8 
29.Reh3 Bb7 30.b3 Rc8 31.Qd2 Rc7 32.Qb2 Kd8 33.Qa3 Rc6 34.bxc4 Rxc4 35.
Qa5+ Kc8 36.Ne8 Kb8 37.Nxg7 Nd7 38.Rxh7 Rhc8 39.Nxe6 Ra4 40.Qxa4 bxa4 41.
Rxf7 Rc6 42.Rxd7 Rxe6 43.Rh8+ Ka7 44.Rhh7 Rb6 45.Rxb7+ Rxb7 46.Rxb7+ Kxb7 
47.Bxg6 Kc7 48.Bh5 Kd7 49.g6 Ke7 50.g7 1-0

[Event "African Individual Chess Championship 2015 - Open Section"]
[Site "Cairo"]
[Date "2015.05.06"]
[Round "5"]
[White "El-Mejbri, Ali Abdoullah"]
[Black "Mahgub, Mohamed Mustafa"]
[Result "1/2-1/2"]
[WhiteElo "1841"]
[BlackElo "1985"]
[EventDate "2015.05.02"]
[PlyCount "63"]

1.e4 c6 2.Nc3 d5 3.Qf3 dxe4 4.Nxe4 Nf6 5.Bc4 Nxe4 6.Qxe4 e6 7.Nf3 Be7 8.d4
Nd7 9.Bf4 Nf6 10.Qe5 h6 11.h4 Qb6 12.O-O-O Rg8 13.Rd3 Ng4 14.Qe2 Qd8 15.
Ne5 Nf6 16.Rhh3 Bd6 17.g4 Qc7 18.g5 Nd5 19.Bd2 Bxe5 20.dxe5 Bd7 21.gxh6 
gxh6 22.Rhg3 O-O-O 23.Bxh6 Ne7 24.Bg5 Nf5 25.Rgf3 Rdf8 26.Qd2 Nxh4 27.Rxd7
Qxe5 28.Rg3 Nf3 29.Rxf3 Rxg5 30.c3 Rg1+ 31.Kc2 Qe4+ 32.Qd3 1/2-1/2